000 00631nam a2200229Ia 4500
003 OSt
005 20220926014019.0
006 a|||||r|||| 00| 0
007 ta
008 220923b |||||||| |||| 00| 0 eng d
037 _cGeneral Book
040 _aRTL
_cRTL
_beng
041 _2eng
_aeng
082 _aX9(M6).3123.N6, K8
100 _aKenyon G H
_9319505
245 0 _aGlass industry of the weald
260 _aNew York
_bKelley USA
_c1946
300 _axxii, 231p.
_ccm.
650 _aGlass Industry
_9245581
942 _hX9(M6).3123.N6, K8
_cGB
_2CC
999 _c627490
_d627490